Szczegóły MARC21

Grenadier - król /

003 -Nazwa inst., której nr kontr. jest w polu 001 [,]
    • @
    • Nazwa instytucji, której n kontrolny jest w polu 001
    • NUKAT
005 -DATA I CZAS OSTATNIEJ MODYFIKACJI [,]
    • @
    • pole kontrolne
    • 20241231113721.0
040 -Instytucja sporządzająca opis [ , ]
    • a
    • Instytucja, która sporządziła opis (NP)
    • GD U/DC
    • c
    • Instytucja, która sporządziła rekord (NP)
    • GD U/DC
    • d
    • Instytucja, która zmodyfikowała rekord (P)
    • WR O/KKs
942 -Rodzaj dokumentu [ , ]
    • c
    • Rodzaj dokumentu
    • Książka
100 -Hasło główne - nazwa osobowa [1, ]
    • a
    • Nazwa osobowa (NP)
    • Kijowski, Andrzej
    • d
    • Daty biograficzne (NP)
    • (1928-1985).
    • 9
    • KHW
    • 8906
245 -Strefa tytułu i oznaczenia odpowiedzialności [1,0]
    • a
    • Tytuł
    • Grenadier - król / Find
    • c
    • Pozostałe elementy strefy tytułu i oznaczenia odpowiedzialności (NP)
    • Andrzej Kijowski.
260 -Strefa adresu wydawniczego [ , ]
    • a
    • Miejsce wydania (P)
    • Warszawa :
    • b
    • Nazwa wydawcy (P)
    • Czytelnik,
    • c
    • Data wydania (P)
    • 1972.
300 -Strefa opisu fizycznego [ , ]
    • a
    • Określenie formy książki i/lub objętość (NP)
    • 157, [3] s. ;
    • c
    • Format (NP)
    • 19 cm.
336 -Typ zawartości [ , ]
    • a
    • Termin opisujący typ zawartości
    • Tekst
    • b
    • Kod określający zawartość
    • txt
    • 2
    • Źródło (terminu i kodu)
    • rdacontent
337 -Typ mediów [ , ]
    • a
    • Tryb odtwarzania
    • Bez urządzenia pośredniczącego
    • b
    • Kod typu mediów
    • n
    • 2
    • Źródło (terminu i kodu)
    • rdamedia
338 -Typ/rodzaj nośnika [ , ]
    • a
    • Hasło opisujące typ nośnika
    • Wolumin
    • b
    • Kod typu nośnika
    • nc
    • 2
    • Źródło (terminu i kodu)
    • rdacarrier
655 -Hasło w funkcji tematu formalnego [ ,7]
    • a
    • Hasło
    • Powieść polska
    • y
    • Określnik chronologiczny
    • 1970-.
    • 2
    • Źródło terminu
    • kaba
    • 9
    • KHW
    • 349454
710 -Hasło dodatkowe - nazwa ciała zbiorowego [2, ]
    • a
    • Nazwa ciała zbiorowego lub nazwa geograficzna jako pierwszy element (NP)
    • Spółdzielnia Wydawnicza "Czytelnik".
    • 4
    • Kod relacji
    • pbl
    • 9
    • KHW
    • 52317
Obwoluta Numer inwentarzowy Status udost. Lokalizacja Data inwentaryzacji
 JK.161BG2002-11-06
1Q.27961BM2019-09-10